000
00240nam a2200097Ia 4500
008
230508s1998 xx 000 0 und d
041
_a
eng
100
_a
JAIN P.L.
245
_a
TOOL ENGG.FOR METAL CASTING PROCESS
260
_b
STAND PUB
_c
1998
999
_c
342540
_d
342540